Green walls in high-rise buildings : an output of the CTBUH Sustainability Working Group (Record no. 8011)

000 -LEADER
fixed length control field 00453nam a22001457a 4500
003 - CONTROL NUMBER IDENTIFIER
control field OSt
005 - DATE AND TIME OF LATEST TRANSACTION
control field 20200617125405.0
008 - FIXED-LENGTH DATA ELEMENTS--GENERAL INFORMATION
fixed length control field 200617b ||||| |||| 00| 0 eng d
020 ## - INTERNATIONAL STANDARD BOOK NUMBER
International Standard Book Number 9781864705935
082 ## - DEWEY DECIMAL CLASSIFICATION NUMBER
Classification number 720.483
Item number WOO
100 ## - MAIN ENTRY--PERSONAL NAME
Personal name Wood, Antony, Payam Bahrami & Daniel Safarik
245 ## - TITLE STATEMENT
Title Green walls in high-rise buildings : an output of the CTBUH Sustainability Working Group
260 ## - PUBLICATION, DISTRIBUTION, ETC. (IMPRINT)
Place of publication, distribution, etc Asia
Name of publisher, distributor, etc The Images Publishing Group
Date of publication, distribution, etc 2014
942 ## - ADDED ENTRY ELEMENTS (KOHA)
Source of classification or shelving scheme
Holdings
Withdrawn status Lost status Source of classification or shelving scheme Damaged status Koha normalized classification for sorting Not for loan Permanent location Current location Date acquired Total Checkouts Full call number Barcode Date last seen Date last borrowed Price effective from Koha item type
        720_483000000000000_WOO   BMS College of Architecture, Design and Planning BMS College of Architecture, Design and Planning 2020-06-17 2 720.483 WOO AR-UG1645 2025-03-25 2025-03-06 2020-06-17 UG Books
Copyright © 2025, The Librarian, Library and Information Centre, BMSCA D&P, Bengaluru. All Rights Reserved
web counter

Powered by Koha